India and Germany in a Turbulent World: (Record no. 203761)

MARC details
000 -LEADER
fixed length control field 00615nam a22001817a 4500
005 - DATE AND TIME OF LATEST TRANSACTION
control field 20240626165916.0
010 ## - LCCN (DPL NO)
LC control number ENG-140723
020 ## - INTERNATIONAL STANDARD BOOK NUMBER
International Standard Book Number 9789394915954
Terms of availability 1980.00
035 ## - SYSTEM CONTROL NUMBER
System control number EN-124255
037 ## - SOURCE OF ACQUISITION
Source of stock number/acquisition DBAD
082 ## - DEWEY DECIMAL CLASSIFICATION NUMBER
Classification number 327.54043
100 ## - MAIN ENTRY--PERSONAL NAME
Personal name Jain, Rajendra K.
245 00 - TITLE STATEMENT
Title India and Germany in a Turbulent World:
Statement of responsibility, etc By Rajendra K. Jain
Remainder of title Perceptions, Perspectives, Prospects/
260 ## - PUBLICATION, DISTRIBUTION, ETC. (IMPRINT)
Place of publication, distribution, etc New Delhi
Name of publisher, distributor, etc KW Publishers
Date of publication, distribution, etc 2023
270 ## - ADDRESS
Address 4676/21, First Floor, Ansari Road, Daryaganj,
City New Delhi
Postal code 110002
300 ## - PHYSICAL DESCRIPTION
Extent xvi,558p.
Dimensions 24cm(Hb)
Other physical details ill.
942 ## - ADDED ENTRY ELEMENTS (KOHA)
Source of classification or shelving scheme Dewey Decimal Classification
Item type English Books
Classification part 327.54043
Call number suffix JAI
Holdings
Withdrawn status Lost status Not for loan Collection code Home library Current library Date acquired Source of acquisition Cost, normal purchase price Full call number Barcode Copy number Cost, replacement price Koha item type
      Non-fiction Central Jail Tihar Central Jail Tihar 26/06/2024 DBAD 1980.00 327.54043 JAI EN-124255 1 1980.00 English Books

© Delhi Public Library
Hit Counter
free hit counter